[Event "Danish Open"]
[Site "SchemingMind.com"]
[Date "2018.04.19"]
[Round "-"]
[White "Mitch The Man"]
[Black "The Stonewall"]
[Result "0-1"]
[WhiteCountry "USA"]
[BlackCountry "ENG"]
[WhiteElo "1412"]
[WhiteRD "63"]
[BlackElo "2302"]
[BlackRD "89"]
[GameID "427331"]

1. e4 Nc6 2. c3 d5 3. Bb5 dxe4 4. Bxc6+ bxc6 5. Qa4 Qd5 6. h3 Bd7 7. Qd4 Nf6 8. Qxd5 cxd5 9. a4 e5 10. b3 Bd6
11. Ne2 Ke7 12. O-O a5 13. Ng3 Rhb8 14. b4 axb4 15. a5 b3 16. Bb2 Rb5 17. a6 Rb6 18. a7 Rb7 19. Kh2 Rbxa7 20. Rxa7 Rxa7
21. Rc1 Ra2
0-1

[Event "Danish Open"]
[Site "SchemingMind.com"]
[Date "2018.04.23"]
[Round "-"]
[White "The Stonewall"]
[Black "Carl Lenox"]
[Result "1-0"]
[WhiteCountry "ENG"]
[BlackCountry "CAN"]
[WhiteElo "2309"]
[WhiteRD "81"]
[BlackElo "1281"]
[BlackRD "84"]
[GameID "427332"]

1. e4 c5 2. c3 e6 3. Nf3 a6 4. d4 b5 5. Bd3 d5 6. exd5 Qxd5 7. dxc5 Qxc5 8. Be4 Nc6 9. Be3 Qc4 10. Nbd2 Qa4
11. Qxa4 bxa4 12. Bxc6+
1-0

[Event "Danish Open"]
[Site "SchemingMind.com"]
[Date "2018.04.22"]
[Round "-"]
[White "The Stonewall"]
[Black "Phillip Beckett"]
[Result "1-0"]
[WhiteCountry "ENG"]
[BlackCountry "ENG"]
[WhiteElo "2309"]
[WhiteRD "81"]
[BlackElo "1560"]
[BlackRD "57"]
[GameID "427333"]

1. e4 e5 2. Nf3 Nc6 3. d4 exd4 4. Nxd4 Bc5 5. Nxc6 Qf6 6. Qd2 dxc6 7. Nc3 Bd7 8. Bd3 O-O-O 9. O-O Bb6 10. Na4 Nh6
11. Nxb6+ axb6 12. Qf4 Qxf4 13. Bxf4 Ng4 14. f3 Nf6 15. Rfd1 Nh5 16. Be3 g6 17. g4 Ng7 18. Bd4 Rhg8 19. Bf6 Rde8 20. Bc4 Be6
21. Be2 h5 22. h3 hxg4 23. hxg4 Ref8 24. Kg2 Re8 25. Rh1 Bd7 26. Rh7 Ne6 27. Rxf7 Nd8 28. Rh7 Ne6 29. Kg3 Nf8 30. Rh6 Be6
31. g5 Nd7 32. b3 Nxf6 33. gxf6 Ref8 34. e5 Bf5 35. Bc4 Rh8 36. Rxh8 Rxh8 37. e6 Bxe6 38. Bxe6+ Kd8 39. Rd1+ Ke8 40. Rd7
1-0

[Event "Danish Open"]
[Site "SchemingMind.com"]
[Date "2018.04.22"]
[Round "-"]
[White "The Stonewall"]
[Black "ray winteringham"]
[Result "1-0"]
[WhiteCountry "ENG"]
[BlackCountry "ENG"]
[WhiteElo "2319"]
[WhiteRD "91"]
[BlackElo "1569"]
[BlackRD "50"]
[GameID "427334"]

1. e4 e5 2. Nf3 Nc6 3. d4 exd4 4. Nxd4 Nxd4 5. Qxd4 c5 6. Qd1 d6 7. Nc3 Be7 8. Bb5+ Bd7 9. Bf4 Bxb5 10. Nxb5 Qa5+
11. Nc3 Qb6 12. Nd5 Qd8 13. Qg4 g6 14. O-O-O Nf6 15. Nxf6+ Bxf6 16. Bxd6 Qb6 17. e5 Bg7 18. Qa4+ Qc6 19. Qh4 Qd7 20. Bxc5 Qe6
21. Rd6 Qxe5 22. Qa4+
1-0

[Event "Danish Open"]
[Site "SchemingMind.com"]
[Date "2018.04.19"]
[Round "-"]
[White "fanfan_la_Tulipe"]
[Black "The Stonewall"]
[Result "1/2-1/2"]
[WhiteCountry "AUT"]
[BlackCountry "ENG"]
[WhiteElo "2005"]
[WhiteRD "77"]
[BlackElo "2309"]
[BlackRD "81"]
[GameID "427335"]

1. d4 d5 2. c4 e6 3. Nc3 c6 4. Nf3 dxc4 5. a4 Bb4 6. e3 b5 7. Bd2 a5 8. axb5 Bxc3 9. Bxc3 cxb5 10. b3 Bb7
11. bxc4 b4 12. Bb2 Nf6 13. Bd3 Nbd7 14. O-O O-O 15. Nd2 Qc7 16. Bc2 Rfd8 17. f4 Bc6 18. e4 a4 19. Bxa4 Nxe4 20. Nxe4 Bxe4
21. Qe2 Nf6 22. Bb3 Rxa1 23. Bxa1 Ra8 24. Bb2 Qd6 25. h3 Ra5 26. Qe3 h6 27. Ra1=
1/2-1/2

[Event "Danish Open"]
[Site "SchemingMind.com"]
[Date "2018.04.18"]
[Round "-"]
[White "Helga1946"]
[Black "The Stonewall"]
[Result "1/2-1/2"]
[WhiteCountry "GER"]
[BlackCountry "ENG"]
[WhiteElo "2070"]
[WhiteRD "51"]
[BlackElo "2309"]
[BlackRD "81"]
[GameID "427337"]

1. c4 g6 2. d4 Bg7 3. e4 d6 4. d5 Nf6 5. Nc3 O-O 6. Bg5 c5 7. Qd2 b5 8. cxb5 a6 9. f3 Qa5 10. Rb1 Nbd7
11. Nh3 Nb6 12. Nf2 Re8 13. Nfd1 Nfd7 14. b3 f5 15. a4 fxe4 16. fxe4 Qb4 17. Bd3 Ne5 18. Be2 axb5 19. Bxb5 Bd7 20. O-O Nf7
21. Bxd7 Nxd7 22. Be3 Rf8 23. Qd3 Nfe5 24. Rxf8+ Rxf8 25. Qb5 Ng4 26. Qxb4 cxb4 27. Nb5 Ndf6 28. h3 Nxe3 29. Nxe3 Nxe4 30. Nc2 Nd2
31. Re1 Bf6 32. Nxb4=
1/2-1/2

[Event "Danish Open"]
[Site "SchemingMind.com"]
[Date "2018.04.19"]
[Round "-"]
[White "davidcook"]
[Black "The Stonewall"]
[Result "1/2-1/2"]
[WhiteCountry "ENG"]
[BlackCountry "ENG"]
[WhiteElo "2057"]
[WhiteRD "59"]
[BlackElo "2309"]
[BlackRD "81"]
[GameID "427338"]

1. e4 c6 2. d4 d5 3. e5 Bf5 4. Nf3 e6 5. Be2 c5 6. Be3 cxd4 7. Nxd4 Ne7 8. O-O Nbc6 9. Bb5 a6 10. Bxc6+ bxc6
11. c4 dxc4 12. Qa4 Bd3 13. Rd1 Qd5 14. Na3 Ng6 15. Nxc6 Bxa3 16. Na5+ Qb5 17. Qxa3 Nxe5 18. Rac1 Rd8 19. b3 Rd5 20. Nxc4 Bxc4
21. Rxd5 exd5 22. Qd6 Nd3 23. bxc4 Qd7 24. Qb8+ Qd8 25. Qxd8+ Kxd8 26. Rc3 dxc4 27. Rxc4 Ke7 28. Rc7+ Ke6 29. Ra7 Nb4 30. a3 Rd8
31. Kf1 Nc2 32. Rxa6+ Kd5 33. Ke2 Nxe3 34. Kxe3 Rb8 35. h4 Rb3+ 36. Kf4 Rb2 37. Kg3 Ra2 38. Ra5+ Ke6 39. h5 g6 40. hxg6 hxg6
41. f4 Ra1 42. Kg4 Rg1 43. Ra6+ Ke7 44. Kf3 Ra1 45. a4 Ra3+ 46. Kf2 Ra2+ 47. Kf3 Ra3+ 48. Kg4 Ra2 49. g3 Ra3 50. a5 f5+
51. Kh3 Kf7 52. Kh4 Kg7 53. g4=
1/2-1/2

[Event "Danish Open"]
[Site "SchemingMind.com"]
[Date "2018.04.23"]
[Round "-"]
[White "The Stonewall"]
[Black "pebber"]
[Result "1-0"]
[WhiteCountry "ENG"]
[BlackCountry "DEN"]
[WhiteElo "2309"]
[WhiteRD "81"]
[BlackElo "1379"]
[BlackRD "101"]
[GameID "427339"]

1. e4 e6 2. d4 d5 3. Nd2 dxe4 4. Nxe4 Nd7 5. Nf3 Ngf6 6. Nxf6+ Nxf6 7. c3 Be7 8. Bd3 O-O 9. Qe2 b6 10. Bg5 Bb7
11. O-O-O a5 12. h4 h6 13. Ne5 Qd5 14. c4 Qd8 15. Rh3 Nd7 16. Bxh6 gxh6 17. Rg3+ Kh8 18. Qh5
1-0

[Event "Danish Open"]
[Site "SchemingMind.com"]
[Date "2018.04.18"]
[Round "-"]
[White "splinter"]
[Black "The Stonewall"]
[Result "0-1"]
[WhiteCountry "CAN"]
[BlackCountry "ENG"]
[WhiteElo "1736"]
[WhiteRD "114"]
[BlackElo "2302"]
[BlackRD "89"]
[GameID "427341"]

1. c4 g6 2. g3 Bg7 3. Bg2 d6 4. Nc3 e5 5. e3 f5 6. Nge2 Nf6 7. O-O O-O 8. Qc2 c6 9. b3 Na6 10. a3 Nc7
11. Bb2 Qe7 12. d3 Ne6 13. b4 Bd7 14. b5 Rac8 15. Qd1 f4 16. bxc6 bxc6 17. a4 fxe3 18. fxe3 Ng4 19. Bc1 Bh6 20. h3 Nxe3
21. Bxe3 Bxe3+ 22. Kh2 Rxf1 23. Qxf1 Rf8 24. Qb1 Nc5 25. Nd1 Bg5 26. d4 exd4 27. Nxd4 Bf6 28. Nxc6 Bxc6 29. Ra2 Bxg2 30. Rxg2 Be5
31. Qc2 Qg5 32. Qe2 h5 33. Ne3 Ne4 34. Nf1 Nc3 35. Qd3 Kg7 36. a5 Rf7 37. a6 Qc1 38. Nd2 h4 39. Ne4 Nxe4 40. Qxe4 hxg3+
41. Rxg3 Rf2+ 42. Qg2 Bxg3+ 43. Kxg3 Qf4#
0-1

[Event "Danish Open"]
[Site "SchemingMind.com"]
[Date "2018.04.19"]
[Round "-"]
[White "Chessibelle"]
[Black "The Stonewall"]
[Result "0-1"]
[WhiteCountry "ENG"]
[BlackCountry "ENG"]
[WhiteElo "1128"]
[WhiteRD "59"]
[BlackElo "2319"]
[BlackRD "91"]
[GameID "427342"]

1. e4 Nc6 2. d3 Nf6 3. Nf3 e5 4. Nc3 d5 5. Bd2 Bg4 6. Be2 d4 7. Nb5 a6 8. Na3 Bxa3 9. bxa3 Qd6 10. O-O Bxf3
11. Bxf3 Qxa3 12. Qe1 b6 13. Bc1 Qc5 14. Qe2 O-O 15. Bg5 Qd6 16. h3 h6 17. Bd2 Rad8 18. g4 Nh7 19. c3 dxc3 20. Bxc3 Ng5
21. Bg2 Ne6 22. f3 Nf4 23. Qf2 Nxd3 24. Qg3 Qc5+ 25. Kh2 Qxc3 26. h4 Rd6 27. g5 Rg6 28. Qg4 hxg5 29. h5 Rh6 30. Qxg5 Nf4
31. Bh1 Qb2+ 32. Kg3 Nxh5+ 33. Kg4 Qh2 34. Rg1 Nf6+ 35. Kf5 Ne7#
0-1

[Event "Danish Open"]
[Site "SchemingMind.com"]
[Date "2018.04.23"]
[Round "-"]
[White "The Stonewall"]
[Black "Janusz Szopa"]
[Result "1/2-1/2"]
[WhiteCountry "ENG"]
[BlackCountry "POL"]
[WhiteElo "2309"]
[WhiteRD "81"]
[BlackElo "2339"]
[BlackRD "75"]
[GameID "427343"]

1. d4 Nf6 2. c4 g6 3. Nc3 Bg7 4. e4 d6 5. Be2 O-O 6. f4 c5 7. Nf3 cxd4 8. Nxd4 Nc6 9. Be3 Bg4 10. Nxc6 Bxe2
11. Nxd8 Bxd1 12. Rxd1 Rfxd8 13. Ke2 Nd7 14. Rd3 Rdc8 15. b3 Bxc3 16. Rxc3 b5 17. Rhc1 b4 18. Rd3 a5 19. e5 Nc5 20. Bxc5 dxc5
21. Rd7 a4 22. Rcd1 axb3 23. axb3 Ra2+ 24. Kf3 Rb2 25. R1d3 e6 26. Ra7 h5 27. Ra6 h4=
1/2-1/2

[Event "Danish Open"]
[Site "SchemingMind.com"]
[Date "2018.04.19"]
[Round "-"]
[White "Mitch The Man"]
[Black "Kenny Elliott"]
[Result "0-1"]
[WhiteCountry "USA"]
[BlackCountry "USA"]
[WhiteElo "1412"]
[WhiteRD "63"]
[BlackElo "1528"]
[BlackRD "70"]
[GameID "427345"]

1. e4 c6 2. d4 d5 3. e5 Bf5 4. Bd3 Bxd3 5. Qxd3 e6 6. Ne2 Nd7 7. O-O c5 8. b3 cxd4 9. Qxd4 Bc5 10. Qf4 Ne7
11. Bb2 O-O 12. Qg3 Nf5 13. Qf4 f6 14. exf6 Nxf6 15. Nd2 Bd6 16. Qa4 Qc7 17. Nd4 Nxd4 18. Bxd4 Bxh2+ 19. Kh1 Ng4 20. c3 Bg1
21. g3 Nxf2+ 22. Bxf2 Bxf2 23. Qg4 Qxc3 24. Qe2 Qxg3 25. Qxe6+ Rf7 26. Rxf2 Qh4+ 27. Kg1 Rf8 28. Rg2 Kh8 29. Qxd5 Rf5 30. Qd7 Rh5
31. Rb1 Qh1#
0-1

[Event "Danish Open"]
[Site "SchemingMind.com"]
[Date "2018.04.18"]
[Round "-"]
[White "Kenny Elliott"]
[Black "Carl Lenox"]
[Result "1-0"]
[WhiteCountry "USA"]
[BlackCountry "CAN"]
[WhiteElo "1516"]
[WhiteRD "72"]
[BlackElo "1288"]
[BlackRD "73"]
[GameID "427346"]

1. d4 g6 2. Nf3 Nf6 3. c4 Bg7 4. g3 O-O 5. Bg2 d6 6. O-O Nbd7 7. Nc3 a6 8. b4 b6 9. Ne5 dxe5 10. Bxa8 c5
11. Nd5 cxb4 12. Nxf6+ Bxf6 13. Bh6 Re8 14. dxe5 Bxe5 15. Rb1 Nc5 16. Bc6 Bd7 17. Bxd7 Nxd7 18. Rxb4 a5 19. Rb5 e6 20. Qd3 Nc5
21. Qb1 Bc7 22. Be3 Nd7 23. Rd1 Ne5 24. Rxd8
1-0

[Event "Danish Open"]
[Site "SchemingMind.com"]
[Date "2018.04.18"]
[Round "-"]
[White "Kenny Elliott"]
[Black "Phillip Beckett"]
[Result "0-1"]
[WhiteCountry "USA"]
[BlackCountry "ENG"]
[WhiteElo "1528"]
[WhiteRD "70"]
[BlackElo "1589"]
[BlackRD "56"]
[GameID "427347"]

1. d4 d5 2. c4 e6 3. Nc3 Nf6 4. Bg5 Be7 5. cxd5 Nxd5 6. Bxe7 Qxe7 7. e4 Nxc3 8. bxc3 c5 9. Nf3 cxd4 10. Bb5+ Bd7
11. Bxd7+ Nxd7 12. Nxd4 Nf6 13. Qa4+ Qd7 14. Qb4 Qe7 15. Qxe7+ Kxe7 16. f3 Rhd8 17. O-O Rac8 18. Rfc1 Rc4 19. Rc2 Rdxd4 20. cxd4 Rxc2
21. a4 b6 22. Kf1 Kd7 23. Ke1 Rc4 24. e5 Nd5 25. a5 bxa5 26. Rxa5 Rc7 27. Kd2 Nb6 28. Ra2 Nc4+ 29. Kd3 Nb6 30. f4 Nd5
31. g3 Nb4+
0-1

[Event "Danish Open"]
[Site "SchemingMind.com"]
[Date "2018.04.18"]
[Round "-"]
[White "Kenny Elliott"]
[Black "ray winteringham"]
[Result "1-0"]
[WhiteCountry "USA"]
[BlackCountry "ENG"]
[WhiteElo "1528"]
[WhiteRD "70"]
[BlackElo "1580"]
[BlackRD "52"]
[GameID "427348"]

1. d4 d5 2. c4 e6 3. Nc3 Nc6 4. Nf3 Bb4 5. cxd5 Bxc3+ 6. bxc3 Qxd5 7. g3 Nf6 8. Bg2 O-O 9. O-O Qd8 10. Bg5 h6
11. Bxf6 Qxf6 12. e4 e5 13. d5 Ne7 14. Qb3 Bg4 15. Nd2 c6 16. dxc6 Qxc6 17. Nc4 Be6 18. Nxe5 Qxe4 19. Bxe4 Bxb3 20. axb3 Rac8
21. Rxa7 f5 22. Bxb7 Rxc3 23. b4 Kh7 24. Bg2 Ng6 25. Nxg6 Kxg6 26. Rb1 Rb8 27. Ra6+ Kg5 28. b5 Rd3 29. Ra8 Rb6 30. Ra6 Rxa6
31. bxa6 Ra3 32. Bb7 Kg4 33. Kg2
1-0

[Event "Danish Open"]
[Site "SchemingMind.com"]
[Date "2018.04.18"]
[Round "-"]
[White "fanfan_la_Tulipe"]
[Black "Kenny Elliott"]
[Result "1-0"]
[WhiteCountry "AUT"]
[BlackCountry "USA"]
[WhiteElo "2014"]
[WhiteRD "79"]
[BlackElo "1528"]
[BlackRD "70"]
[GameID "427349"]

1. d4 d5 2. c4 dxc4 3. e4 Nc6 4. Nf3 Bg4 5. d5 Bxf3 6. gxf3 Nb4 7. Qa4+ Qd7 8. Qxb4 O-O-O 9. Qxc4 e5 10. Be3 Nf6
11. Nc3 Bd6 12. Bxa7 Qe7 13. Be3 Kb8 14. a3 Nd7 15. Nb5 Nb6 16. Bxb6 cxb6 17. Qa4 Kc8 18. Bh3+ Rd7 19. Rc1+ Bc5 20. Qa8#
1-0

[Event "Danish Open"]
[Site "SchemingMind.com"]
[Date "2018.04.21"]
[Round "-"]
[White "felixkronlage"]
[Black "Kenny Elliott"]
[Result "0-1"]
[WhiteCountry "GER"]
[BlackCountry "USA"]
[WhiteElo "1291"]
[WhiteRD "77"]
[BlackElo "1503"]
[BlackRD "69"]
[GameID "427350"]

1. c4 Nf6 2. d3 g6 3. e4 Bg7 4. Bg5 O-O 5. Nf3 Ng4 6. Be2 Bxb2 7. h3 Nxf2 8. Kxf2 Bxa1 9. Na3 f6 10. Qxa1 fxg5
0-1

[Event "Danish Open"]
[Site "SchemingMind.com"]
[Date "2018.04.19"]
[Round "-"]
[White "Helga1946"]
[Black "Kenny Elliott"]
[Result "1-0"]
[WhiteCountry "GER"]
[BlackCountry "USA"]
[WhiteElo "2265"]
[WhiteRD "60"]
[BlackElo "1528"]
[BlackRD "70"]
[GameID "427351"]

1. d4 Nf6 2. Bg5 e6 3. Nd2 Be7 4. Bxf6 Bxf6 5. c3 d5 6. Ngf3 O-O 7. e4 c6 8. Bd3 Qe7 9. Qc2 dxe4 10. Nxe4 Nd7
11. O-O Kh8 12. Qd2 Nb6 13. Rfe1 Nd5 14. Rad1 b5 15. Nxf6 Qxf6 16. Ne5 Bb7 17. Nd7 Qd8 18. Nxf8 Qxf8 19. Qe2 Nf4 20. Qe4 Nxd3
21. Rxd3 Rb8 22. Rh3 Qg8 23. Qf4 Re8 24. Qc7 Bc8 25. Rh5 g6 26. Rc5 Qf8 27. Rxc6 h5 28. Qxa7 Re7 29. Rxc8 Rxa7 30. Rxf8+ Kg7
31. Rb8 Rxa2 32. Rxb5
1-0

[Event "Danish Open"]
[Site "SchemingMind.com"]
[Date "2018.04.23"]
[Round "-"]
[White "Kenny Elliott"]
[Black "pebber"]
[Result "1/2-1/2"]
[WhiteCountry "USA"]
[BlackCountry "DEN"]
[WhiteElo "1503"]
[WhiteRD "69"]
[BlackElo "1379"]
[BlackRD "101"]
[GameID "427352"]

1. d4 d5 2. c4 e6 3. Nc3 Nf6 4. cxd5 exd5 5. Bg5 Be7 6. Bxf6 Bxf6 7. Qb3 c6 8. Nf3 O-O 9. e3 Nd7 10. Bd3 Nb6
11. O-O Rb8 12. Rae1 Re8 13. Re2 Bg4 14. Rfe1 Bxf3 15. gxf3 Qd7 16. Qc2 Qh3 17. Bf5 Qxf3 18. Bxh7+ Kh8 19. Bd3 Qg4+=
1/2-1/2

[Event "Danish Open"]
[Site "SchemingMind.com"]
[Date "2018.04.18"]
[Round "-"]
[White "splinter"]
[Black "Kenny Elliott"]
[Result "1-0"]
[WhiteCountry "CAN"]
[BlackCountry "USA"]
[WhiteElo "1736"]
[WhiteRD "114"]
[BlackElo "1528"]
[BlackRD "70"]
[GameID "427354"]

1. c4 c5 2. Nf3 Nf6 3. g3 g6 4. Bg2 Bg7 5. Nc3 O-O 6. O-O Qb6 7. b3 Qd6 8. Bb2 Nc6 9. Nb5 Qb8 10. a3 a6
11. Nc3 Ne4 12. Qc2 Nxc3 13. Bxc3 Bxc3 14. dxc3 b5 15. cxb5 axb5 16. Qe4 e6 17. Qh4 f6 18. Rfd1 d5 19. e4 g5 20. Nxg5 fxg5
21. Qxg5+ Kh8 22. f4 d4 23. Qxc5 Bb7 24. cxd4 b4 25. a4 Ra5 26. Qc2 Qa7 27. Kh1 Kg8 28. Qc4 Nd8 29. Qxb4 Qa8 30. Re1 Nf7
31. Rac1 Ra6 32. Rc7 Bc6 33. Qe7 Bxa4 34. bxa4 Rxa4 35. Qxe6 Ra1 36. Rcc1 Ra6 37. Qg4+ Kh8 38. e5 Qd8 39. d5 Nh6 40. Qe2 Rg6
41. Rcd1 Nf5 42. Rd3 Rfg8 43. Qf2 Qd7 44. Be4 Nxg3+ 45. Rxg3 Rxg3 46. hxg3 Qh3+ 47. Qh2 Qd7 48. d6 Qb5 49. Qxh7#
1-0

[Event "Danish Open"]
[Site "SchemingMind.com"]
[Date "2018.04.22"]
[Round "-"]
[White "The Stonewall"]
[Black "Kenny Elliott"]
[Result "1-0"]
[WhiteCountry "ENG"]
[BlackCountry "USA"]
[WhiteElo "2302"]
[WhiteRD "89"]
[BlackElo "1528"]
[BlackRD "70"]
[GameID "427355"]

1. e4 c5 2. Ne2 d6 3. Nbc3 Nc6 4. g3 Bg4 5. Bg2 Bxe2 6. Nxe2 e5 7. c3 Nf6 8. d4 cxd4 9. cxd4 Qa5+ 10. Bd2 Qb6
11. Bc3 O-O-O 12. O-O d5 13. exd5 Nxd5 14. Qc2 Bb4 15. Rfd1 Nxd4 16. Bxd4+ Qc6 17. Qf5+ Qe6 18. Rac1+ Kb8 19. Bxe5+ Bd6 20. Bxd6+ Rxd6
21. Rxd5 Rhd8 22. Rxd6 Rxd6 23. Qc2 Qd7 24. Bh3
1-0

[Event "Danish Open"]
[Site "SchemingMind.com"]
[Date "2018.04.18"]
[Round "-"]
[White "Chessibelle"]
[Black "Kenny Elliott"]
[Result "0-1"]
[WhiteCountry "ENG"]
[BlackCountry "USA"]
[WhiteElo "1134"]
[WhiteRD "60"]
[BlackElo "1528"]
[BlackRD "70"]
[GameID "427356"]

1. e4 c5 2. d3 d6 3. Nc3 Nf6 4. Nf3 Bg4 5. Be2 Qb6 6. O-O Nc6 7. Be3 Bxf3 8. Bxf3 Nd4 9. Nd5 Nxf3+ 10. Qxf3 Qc6
11. c4 Nxd5 12. exd5 Qb6 13. b3 g6 14. g3 Bg7 15. Rab1 Qa5 16. a4 O-O 17. Rfd1 a6 18. Qe2 Rfe8 19. h3 e6 20. f3 exd5
21. f4 Bd4 22. Kg2 Bxe3 23. Rf1 Bxf4 24. Qg4 Qd2+ 25. Kg1 Be3+ 26. Kh1 Qxd3 27. Qd7 Bd4 28. Qxf7+ Kh8 29. Qd7 Qxg3 30. cxd5 Re2
31. Qxh7+ Kxh7 32. Rf7+ Kh6 33. Rbf1 Qh2#
0-1

[Event "Danish Open"]
[Site "SchemingMind.com"]
[Date "2018.04.18"]
[Round "-"]
[White "Kenny Elliott"]
[Black "Janusz Szopa"]
[Result "0-1"]
[WhiteCountry "USA"]
[BlackCountry "POL"]
[WhiteElo "1528"]
[WhiteRD "70"]
[BlackElo "2356"]
[BlackRD "76"]
[GameID "427357"]

1. d4 Nf6 2. c4 g6 3. Nf3 Bg7 4. g3 c6 5. Bg2 d5 6. cxd5 cxd5 7. O-O O-O 8. Nc3 Nc6 9. Bf4 Ne4 10. Ne5 Nxc3
11. bxc3 Na5 12. e4 Be6 13. Qa4 Rc8 14. Rac1 dxe4 15. Bxe4 b6 16. Nc6 Qe8 17. d5 Bd7 18. Be3 f5 19. Bg2 e5 20. c4 f4
21. gxf4 exf4 22. Bxf4 Rxf4 23. Rfe1 Qf7 24. Re2 Rg4 25. Kh1 Qf4 26. Re4 Qxc1+
0-1

[Event "Danish Open"]
[Site "SchemingMind.com"]
[Date "2018.04.18"]
[Round "-"]
[White "Kenny Elliott"]
[Black "davidcook"]
[Result "0-1"]
[WhiteCountry "USA"]
[BlackCountry "ENG"]
[WhiteElo "1528"]
[WhiteRD "70"]
[BlackElo "1912"]
[BlackRD "63"]
[GameID "427358"]

1. d4 d5 2. c4 e6 3. Nc3 Nf6 4. Bg5 Nbd7 5. cxd5 exd5 6. Nxd5 Nxd5 7. Bxd8 Bb4+ 8. Qd2 Bxd2+ 9. Kxd2 Kxd8 10. e4 N5f6
11. Bc4 Nxe4+ 12. Ke1 Nd6 13. Bb3 Nf6 14. Nf3 Re8+ 15. Kd2 Nfe4+ 16. Kd1 Nxf2+ 17. Kd2 Nxh1 18. Rxh1 Be6 19. Bc2 c6 20. b3 Kc7
21. Bxh7 g6 22. Ng5 Bd5 23. Rg1 Ne4+ 24. Nxe4 Rxe4 25. Kd3 Rae8
0-1